Statistics for People in Pictures with Barack Obama

Click here to take the quiz!

General Stats

  • This quiz has been taken 26,165 times
  • The average score is 12 of 20

Answer Stats

Answer% Correct
Hillary Clinton
98%
Vladimir Putin
97%
Joe Biden
74%
Pope Francis
70%
Angela Merkel
68%
The Dalai Lama
66%
Justin Trudeau
65%
David Letterman
63%
Justin Timberlake
62%
David Cameron
57%
Nicolas Sarkozy
54%
John McCain
52%
Stephen Curry
50%
Shakira
48%
Benjamin Netanyahu
47%
Mitt Romney
45%
John Kerry
41%
Betty White
36%
Sonia Sotomayor
35%
John Glenn
14%

Score Distribution

Percentile by Number Answered

Percent of People with Each Score

Your Score History

You have not taken this quiz